000 00827nam a22002297a 4500
005 20180507114624.0
010 _aENG-122894
020 _a9789387380004
_c500.00
035 _aEN-106426
037 _bDBAD/PUB
082 _a480.9
245 _aProceedings of the national seminar on the changing contours of english language and literature :
_ced. by K.S. Lakshmi; Usha Sadasivan; S. Jayanthi [and] P. Priya
_b(CCELL-2016), 7th & 8th September 2016 /
260 _aNew Delhi
_bAllied Publishers Private
_c2017
270 _a1/13-14 Asaf Ali Road , Darya Ganj,
_bNew Delhi
_e110002
300 _axviii, 260p.
_c24cm(Hb)
500 _aIt include author index
700 _aK.S. Lakshmi
700 _aSadasivan, Usha
700 _aJayanthi, S.
700 _aP. Priya
942 _2ddc
_cEN
_mPRO
_h480.9
999 _c151095
_d151095